Le vicaire de Wakefield /

Guardat en:
Dades bibliogràfiques
Autor principal: Goldsmith, Oliver (autor)
Format: Llibre
Idioma:francès
Edició:Nueva ed.
Matèries:
Etiquetes: Afegir etiqueta
Sense etiquetes, Sigues el primer a etiquetar aquest registre!

MARC

LEADER 00000nam^a2200000^a^4500
001 000364750
005 20250526000000.0
009 20260310115625.458
037 |a Acervo ITESO - Biblioteca 
041 |a FRA 
082 |a 823.  |b GOL 
100 |a Goldsmith, Oliver  |e (autor) 
240 1 4 |a [El vicario de Wakefield] 
245 1 3 |a Le vicaire de Wakefield /  |c O. Goldsmith ; notas de Alexandre Beljame ; tr. por M. Forgues. 
250 |a Nueva ed. 
264 |a París, Francia :  |b Hachette,  |c 1887 
300 |a 351 p. ;  |c 15.5 cm. 
336 |a texto  |b txt  |2 rdacontenido 
337 |a sin mediación  |b n  |2 rdamedio 
338 |a volumen  |b nc  |2 rdasoporte 
649 |a XX 
650 |a Familia en la Literatura 
650 |a Relaciones Familiares en la Literatura 
650 |a Novela Inglesa 
650 |a Literatura Inglesa -  |y Siglo XVIII 
910 |a Fondo General 
920 |a Impresos - Libros 
930 |a Libros Antiguos y Raros 
940 |a Literatura 
905 |a 108 
901 |a 0500258378  |b IT2  |c LRA  |i D75187  |u 20250526 
902 |a https://opac.biblio.iteso.mx/vufind/Record/000364750